000 00232nam a22000857a 4500
008 160928b xxu||||| |||| 00| 0 eng d
100 _9779
_aAggarwal.K.etal.
245 _aEnglish Course-8
260 _aNew Delhi
_bS. Chand Publications
_c2011
999 _c3434
_d3434